Carregant...

Gouri

Dades bibliogràfiques
Autor principal: Padmanabhan, T
Format: Printed Book
Idioma:English
Publicat: Kottayam: D. C. Books, 1997.
Matèries:
LEADER 00534 a2200169 4500
008 150103s9999 000 0 eng
020 |a 8171306985 
082 |a 815 
100 |a Padmanabhan, T 
245 |a Gouri 
260 |a Kottayam:  |b D. C. Books,  |c 1997. 
300 |a 118 p.: 
650 |a Malayalam Fiction 
653 |a Stories 
942 |c BK 
999 |c 307637  |d 307637 
952 |0 0  |1 0  |2 ddc  |4 0  |6 M_815_000000000000000_PAD_GO  |7 0  |9 353037  |a DRA  |b DRA  |c ST1  |d 2015-10-19  |i 8875  |l 1  |o M 815 PAD/GO  |p DRA8875  |r 2018-06-23  |s 2018-03-12  |v 90.00  |w 2015-10-19  |y BK